[Event "AUTO-OPEN-4638"]
[Site "http://www.queenalice.com/game.php?id=1869056"]
[Date "2026.2.10"]
[Round "1"]
[White "Tonto"]
[Black "Jsc"]
[Result "0-1"]
[WhiteElo "2046"]
[BlackElo "1844"]

1. e4 e6 2. d4 d5 3. e5 c5 4. Nf3 cxd4 5. Nxd4 a6 6. Bd3 Nc6 7. Nxc6 bxc6 8. O-O
Ne7 9. Nd2 g6 10. Nf3 Bg7 11. Bg5 Qc7 12. Bf6 Bxf6 13. exf6 Ng8 14. Qd2 Nxf6 15.
Qg5 Qd8 16. Ne5 Bb7 17. b4 O-O 18. a4 Nd7 19. Qg3 Nf6 20. a5 Nh5 21. Qf3 f6 22.
Nxg6 hxg6 23. Bxg6 Ng7 24. Qh3 Rf7 25. Qh7+ Kf8 26. Qh8+ Ke7 27. Qh7 Qg8 28.
Qxg8 Rxg8 29. Bxf7 Kxf7 30. Rfd1 e5 31. c4 d4 32. f4 Ke6 33. g4 Ne8 34. f5+ Ke7
35. h3 Nd6 36. Rac1 Nxf5 37. Kf2 Nd6 38. Kf3 c5+ 39. Kg3 cxb4 40. Kh2 Rc8 41. c5
Ne4 42. h4 Nc3 43. Rf1 Rxc5 44. Rf5 Bc8 45. Rh5 Bxg4 46. Rh7+ Kf8 47. Rb7 d3 48.
Rb8+ Kg7 49. Rg1 f5 50. Rxb4 d2 51. Rb7+ Kf8 52. Rd7 d1=Q 53. Rdxd1 Nxd1 54. Kg3
Rxa5 55. Re1 Ra3+ 56. Kg2 e4 57. Kh2 Re3 0-1

[Event "AUTO-OPEN-4638"]
[Site "http://www.queenalice.com/game.php?id=1869081"]
[Date "2026.2.10"]
[Round "1"]
[White "askasl159"]
[Black "Tonto"]
[Result "0-1"]
[WhiteElo "1695"]
[BlackElo "2049"]

1. e4 e5 2. f4 Nc6 3. Nf3 d6 4. Bc4 Be7 5. O-O Bg4 6. fxe5 Nxe5 7. Be2 Nf6 8.
Nc3 c6 9. h3 Bh5 10. Nxe5 Bxe2 11. Qxe2 dxe5 12. d3 O-O 13. Be3 b6 14. Rf3 Nh5
15. Raf1 Bh4 16. Bf2 Nf4 17. Qd2 Qg5 18. Be3 Qg6 19. Bxf4 exf4 20. Qxf4 Bg5 21.
Qg3 Rae8 22. h4 Bf6 23. Qxg6 hxg6 24. g3 Re5 25. d4 Ra5 26. e5 Be7 27. a3 f6 28.
e6 g5 29. h5 g4 30. Rf5 Rxf5 31. Rxf5 Kh7 32. d5 Bc5+ 33. Kg2 cxd5 34. Nxd5 Bd6
35. Nf4 Rc8 36. c3 Rc6 37. Ne2 Be5 38. Nd4 Rd6 39. Nb5 Rxe6 40. Nxa7 g6 41.
hxg6+ Kxg6 42. Rf2 Bb8 43. Nb5 Re3 44. Nd4 Rxg3+ 45. Kf1 Bd6 46. Nf5 Rd3 47. Nd4
Bc5 48. Ne6 Bxf2 49. Kxf2 Rd2+ 0-1

[Event "AUTO-OPEN-4638"]
[Site "http://www.queenalice.com/game.php?id=1869099"]
[Date "2026.2.10"]
[Round "1"]
[White "Tonto"]
[Black "rmvwoods"]
[Result "0-1"]
[WhiteElo "2044"]
[BlackElo "2042"]

1. e4 c5 2. Nf3 d6 3. Be2 Nf6 4. d3 g6 5. Be3 Bg7 6. h3 O-O 7. Nc3 Qa5 8. O-O
Nc6 9. b3 Qxc3 10. Rb1 Qa5 11. a4 Bd7 12. Bd2 Qc7 13. c3 d5 14. exd5 Nxd5 15. c4
Nc3 16. Bxc3 Bxc3 17. Nh2 Bg7 18. Bg4 f5 19. Bf3 Be5 20. Qd2 Bxh2+ 21. Kh1 Bf4
22. Qe2 Rae8 23. Bxc6 Qxc6 24. a5 Bc7 25. b4 Qd6 26. f4 e5 27. bxc5 Qc6 28. fxe5
Rxe5 29. Qd2 Rfe8 30. d4 Re2 31. d5 Qxc5 32. Qc3 Bxa5 33. Qa1 Bb6 34. Qc3 Qd6
35. Qf3 R8e3 36. Qf4 Qxf4 37. Rxf4 Re1+ 38. Rf1 Rxf1+ 39. Rxf1 Rc3 40. Re1 Bc5
41. Rd1 Rxc4 42. Kh2 Rd4 43. Rb1 b6 0-1

[Event "AUTO-ADV-4918"]
[Site "http://www.queenalice.com/game.php?id=1869159"]
[Date "2026.2.12"]
[Round "1"]
[White "altair"]
[Black "Tonto"]
[Result "1/2-1/2"]
[WhiteElo "1833"]
[BlackElo "2044"]

1. e4 e5 2. Nf3 Nc6 3. a3 Nf6 4. d3 Be7 5. h3 d5 6. Nc3 d4 7. Ne2 O-O 8. Ng3 Be6
9. Be2 Bd6 10. O-O Ne7 11. c3 dxc3 12. bxc3 Ng6 13. d4 exd4 14. Nxd4 Nf4 15. Nf3
Nxe2+ 16. Qxe2 Bc5 17. e5 Nd5 18. Rd1 Qe7 19. Bg5 f6 20. exf6 Nxf6 21. Re1 Rae8
22. Qd3 h6 23. Bxf6 Rxf6 24. Nh5 Bxf2+ 25. Kxf2 Qc5+ 26. Qd4 Rxf3+ 27. Kxf3
Qxh5+ 28. Kf2 c5 29. Qd6 Qh4+ 30. Kg1 Qf6 31. Qxc5 b6 32. Qc6 Qf7 33. Rf1 Qg6
34. Rae1 h5 35. Qb7 Bc4 36. Rxe8+ Qxe8 37. Rf2 Qe1+ 38. Kh2 Qxf2 39. Qc8+ Kh7
40. Qxc4 Qf6 41. Qd3+ Kh8 42. Qf3 Qd6+ 43. Kh1 Qxa3 44. Qxh5+ Kg8 45. Qe8+ Qf8
46. Qe6+ Kh8 47. Qd7 a5 48. Qc6 Qf1+ 49. Kh2 b5 50. Qa8+ Kh7 51. Qxa5 Qf4+ 52.
Kh1 Qc4 53. Qa1 Qd3 54. Qb2 Kh6 55. Qc1+ Kh7 56. Qe1 Kh6 57. Qh4+ Kg6 58. Qg4+
Kf7 59. Qf3+ Qxf3 60. gxf3 Ke6 61. Kg2 Kd5 62. f4 Kc4 63. h4 Kxc3 64. h5 b4 65.
h6 gxh6 66. f5 b3 67. f6 b2 68. f7 b1=Q 69. f8=Q Qe4+ 70. Qf3+ 1/2-1/2

[Event "AUTO-ADV-4918"]
[Site "http://www.queenalice.com/game.php?id=1869160"]
[Date "2026.2.12"]
[Round "1"]
[White "Tonto"]
[Black "altair"]
[Result "1-0"]
[WhiteElo "2040"]
[BlackElo "1781"]

1. e4 e5 2. Nf3 d6 3. d3 h6 4. Be2 Nf6 5. Be3 Be7 6. Nc3 b6 7. d4 Nc6 8. d5 Na5
9. O-O O-O 10. b4 Nb7 11. Ba6 Qd7 12. Bb5 Qd8 13. Bc6 Bd7 14. b5 Bxc6 15. bxc6
Nc5 16. Nh4 Nfxe4 17. Nxe4 Nxe4 18. Nf5 Nc3 19. Qg4 Bf6 20. Bxh6 g6 21. Bxf8
Qxf8 22. Ng3 Qh6 23. Qf3 Nxd5 24. Qxd5 Kg7 25. Ne2 Rh8 26. h3 Qg5 27. Ng3 Rh4
28. Qf3 e4 29. Nxe4 Qf4 30. Qxf4 Rxf4 31. Nc3 Bxc3 32. Rab1 Rc4 33. Rb3 Rxc6 34.
Rd1 a5 35. Rd3 Be5 36. g3 Rxc2 37. f4 Rc1+ 38. Kf2 a4 39. Rb4 Bf6 40. Rxa4 Rc2+
41. Kf3 Rc1 42. Ra7 Bd8 43. Re3 Kf8 44. Ra8 Rh1 45. Rxd8+ Kg7 46. h4 Ra1 47. Rd7
1-0

[Event "AUTO-ADV-4918"]
[Site "http://www.queenalice.com/game.php?id=1869171"]
[Date "2026.2.12"]
[Round "1"]
[White "Fischercat"]
[Black "Tonto"]
[Result "0-1"]
[WhiteElo "1937"]
[BlackElo "2038"]

1. d4 d5 2. Nc3 e6 3. Nf3 Nc6 4. a3 Be7 5. Ne5 Nxe5 6. dxe5 c6 7. e3 Qc7 8. Qh5
g6 9. Qf3 Qxe5 10. Bd3 Nf6 11. O-O h5 12. Ne2 Ng4 13. Qf4 Bd6 14. h3 Nh6 15. Bd2
Ke7 16. Bc3 Qxf4 17. exf4 Rg8 18. Be5 f6 19. Bxd6+ Kxd6 20. c4 dxc4 21. Bc2 g5
22. fxg5 Rxg5 23. Rfd1+ Kc7 24. Rac1 Bd7 25. Nc3 Rag8 26. Be4 f5 27. Bf3 e5 28.
h4 R5g7 29. g3 f4 30. Ne2 b5 31. Kh2 Ng4+ 32. Bxg4 Bxg4 33. Rc2 fxg3+ 34. fxg3
Bxe2 35. Rxe2 Rxg3 36. Rxe5 Rg2+ 37. Kh1 Rxb2 38. Re7+ Kb6 0-1

[Event "AUTO-ADV-4918"]
[Site "http://www.queenalice.com/game.php?id=1869172"]
[Date "2026.2.12"]
[Round "1"]
[White "Tonto"]
[Black "Fischercat"]
[Result "1-0"]
[WhiteElo "2032"]
[BlackElo "1923"]

1. e4 e5 2. Nf3 d6 3. d3 Bg4 4. Nbd2 Be7 5. Be2 Bxf3 6. Nxf3 Nc6 7. Be3 h6 8. c3
Nf6 9. O-O Ng4 10. Bd2 Bg5 11. Nxg5 Nxh2 12. Nxf7 Kxf7 13. Kxh2 Qh4+ 14. Kg1 g6
15. Bg4 h5 16. Bh3 g5 17. Qb3+ Kg7 18. Qxb7 g4 19. Qxc7+ Ne7 20. Qxd6 Qf6 21.
Qd7 gxh3 22. Qxh3 Ng6 23. Qf5 Qxf5 24. exf5 Ne7 25. c4 Nxf5 26. f4 exf4 27. Bc3+
1-0

[Event "AUTO-ADV-4918"]
[Site "http://www.queenalice.com/game.php?id=1869180"]
[Date "2026.2.12"]
[Round "1"]
[White "Fauquinelle"]
[Black "Tonto"]
[Result "1-0"]
[WhiteElo "2061"]
[BlackElo "2021"]

1. d4 Nf6 2. Nf3 Nc6 3. d5 Nb4 4. c4 c6 5. a3 Na6 6. Nc3 Nc5 7. Qc2 d6 8. b4
Ncd7 9. e4 Nb6 10. Be3 Nbd7 11. Bd3 c5 12. h3 Ne5 13. Nxe5 dxe5 14. Bxc5 b6 15.
Be3 e6 16. Bg5 Be7 17. Bxf6 Bxf6 18. O-O-O O-O 19. f3 Bg5+ 20. Kb2 exd5 21. exd5
g6 22. Ne4 Be3 23. g4 b5 24. c5 a5 25. Bxb5 axb4 26. a4 f5 27. Nd6 Bd7 28. c6
Bc8 29. Nxc8 Rxc8 30. d6 Bd4+ 31. Rxd4 exd4 32. Qc4+ Rf7 33. Qxd4 fxg4 34. fxg4
Qf8 35. Bc4 Rxc6 36. Bxf7+ Qxf7 37. d7 1-0

[Event "AUTO-MASTER-3296"]
[Site "http://www.queenalice.com/game.php?id=1869258"]
[Date "2026.2.15"]
[Round "1"]
[White "Capixaba789"]
[Black "Tonto"]
[Result "0-1"]
[WhiteElo "1947"]
[BlackElo "1991"]

1. d4 d5 2. Nc3 e6 3. f4 Be7 4. Nf3 Nc6 5. e3 Nf6 6. Be2 b6 7. O-O O-O 8. Ne5
Na5 9. a3 c5 10. Nb5 Ba6 11. a4 c4 12. Bd2 Bxb5 13. axb5 Qe8 14. Bxa5 bxa5 15.
Rxa5 Bb4 16. Ra6 Qxb5 17. Qa1 Bd2 18. c3 Bxe3+ 19. Kh1 Ne4 20. h3 Ng3+ 21. Kh2
Nxf1+ 22. Bxf1 Bxf4+ 23. Kh1 Bxe5 24. dxe5 Rfb8 25. b4 Rb6 26. Rxa7 Rxa7 27.
Qxa7 Qc6 28. Qe7 Rb8 29. Be2 Re8 30. Qg5 Qa4 31. Qe3 Rf8 32. Bf3 Qb3 33. Kh2 h6
34. Qd4 f5 35. h4 g5 36. hxg5 hxg5 37. Bxd5 exd5 38. Qxd5+ Kg7 39. Qd7+ Kg8 40.
e6 Qxc3 41. Qd5 Kg7 42. e7 Re8 43. Qd8 Qe5+ 44. Kh1 Qxe7 45. Qd4+ Kg6 0-1

[Event "AUTO-MASTER-3296"]
[Site "http://www.queenalice.com/game.php?id=1869259"]
[Date "2026.2.15"]
[Round "1"]
[White "Tonto"]
[Black "Capixaba789"]
[Result "1-0"]
[WhiteElo "1975"]
[BlackElo "1981"]

1. e4 e5 2. Nf3 d6 3. Be2 Nf6 4. d3 Be7 5. Be3 c5 6. Nbd2 Nc6 7. O-O Be6 8. c3
O-O 9. d4 cxd4 10. cxd4 exd4 11. Nxd4 Ne5 12. Nxe6 fxe6 13. Nc4 Qc8 14. Rc1 Nxe4
15. Nxe5 Qe8 16. Nc4 d5 17. Ne5 Bf6 18. Bd4 a6 19. Rc7 Bh4 20. Rxg7+ Kh8 21.
Nf7+ Rxf7 22. Rxf7+ 1-0

[Event "AUTO-MASTER-3296"]
[Site "http://www.queenalice.com/game.php?id=1869282"]
[Date "2026.2.15"]
[Round "1"]
[White "Tonto"]
[Black "IranSilva"]
[Result "1-0"]
[WhiteElo "2039"]
[BlackElo "1761"]

1. e3 e5 2. Nc3 Nf6 3. d3 d5 4. Be2 Be7 5. Nf3 Nc6 6. O-O Bd7 7. b3 O-O 8. Bb2
Re8 9. Re1 h6 10. d4 exd4 11. exd4 Bb4 12. a3 Bd6 13. Nb5 Be7 14. c4 Bg4 15. Qd3
a6 16. Nc3 dxc4 17. bxc4 Bxf3 18. Bxf3 Nxd4 19. Nd5 Nxf3+ 20. Qxf3 Nxd5 21. cxd5
Bf8 22. Bc3 Qd7 23. Qg3 Qxd5 24. Qxc7 Rxe1+ 25. Rxe1 Bxa3 26. Qg3 Bf8 27. h4 Rc8
28. Ba1 b5 29. Bc3 Qb3 30. Re3 Qd1+ 31. Kh2 g6 32. Bf6 Bd6 33. Be5 Rc1 34. Kh3
Qh1+ 35. Qh2 1-0

[Event "AUTO-MASTER-3296"]
[Site "http://www.queenalice.com/game.php?id=1869283"]
[Date "2026.2.15"]
[Round "1"]
[White "IranSilva"]
[Black "Tonto"]
[Result "0-1"]
[WhiteElo "1766"]
[BlackElo "2034"]

1. d4 d5 2. c4 Nf6 3. Nc3 Nc6 4. e3 e6 5. Nf3 Bb4 6. Bd2 O-O 7. a3 Bxc3 8. Bxc3
Ne4 9. Bd3 Nf6 10. O-O Ne7 11. Rc1 b6 12. cxd5 Nexd5 13. e4 Nf4 14. Bb1 Bb7 15.
Qd2 Ng6 16. h4 Nxe4 17. Qe3 f5 18. h5 f4 19. Qe1 Nh4 20. Bxe4 Nxf3+ 21. Bxf3
Bxf3 22. Qxe6+ Rf7 23. gxf3 Qg5+ 24. Qg4 Qxg4+ 25. fxg4 f3 26. Kh2 Rf4 27. Kg3
Raf8 28. Rfe1 R4f7 29. Bb4 Rc8 30. Re3 Rd7 31. Rd1 a5 32. Bc3 c5 33. Rxf3 Rcd8
34. Rfd3 Rd5 35. f4 c4 36. Re3 Kf7 37. Rde1 R5d6 0-1

[Event "AUTO-OPEN-4642"]
[Site "http://www.queenalice.com/game.php?id=1870220"]
[Date "2026.3.7"]
[Round "1"]
[White "Tonto"]
[Black "EduardoRo"]
[Result "1-0"]
[WhiteElo "2048"]
[BlackElo "1710"]

1. e4 e5 2. Nf3 Nc6 3. Be2 Nf6 4. d3 Bc5 5. Nc3 O-O 6. O-O d6 7. Bg5 Be6 8. Nh4
h6 9. Bxf6 Qxf6 10. Nf5 Bxf5 11. Nd5 Qg6 12. exf5 Qxf5 13. c3 Rac8 14. Qa4 a6
15. Qxc6 bxc6 16. Ne7+ Kh7 17. Nxf5 g6 18. Ne7 Rce8 19. Nxc6 f5 20. d4 exd4 21.
Bxa6 dxc3 22. bxc3 Ra8 23. Bb5 Ra3 24. c4 g5 25. Rfe1 g4 26. Re7+ Kg6 27. Rxc7
Rf7 28. Ne7+ Kg5 29. Nd5 Rxc7 30. Nxc7 Kf4 31. Kf1 Ke4 32. Bc6+ Kd3 33. Bd5 Kc2
34. Nb5 Kb2 35. Rd1 Rxa2 36. Nxd6 Bxd6 37. c5 Bxc5 38. Bxa2 Kxa2 39. Rd5 Bb6 40.
Rxf5 Bd8 41. Rh5 1-0

[Event "AUTO-MASTER-3298"]
[Site "http://www.queenalice.com/game.php?id=1870392"]
[Date "2026.3.12"]
[Round "1"]
[White "Tonto"]
[Black "chessman"]
[Result "1-0"]
[WhiteElo "2016"]
[BlackElo "2005"]

1. e4 e6 2. d4 d5 3. e5 c5 4. dxc5 Bxc5 5. Be2 Ne7 6. Nf3 O-O 7. Bg5 h6 8. Bh4
Qc7 9. Nc3 Rd8 10. Nb5 Qc6 11. Nd6 Bxd6 12. Nd4 Qb6 13. exd6 Qxd6 14. Nb5 Qd7
15. O-O a6 16. Nd4 Nbc6 17. Nxc6 bxc6 18. c4 g5 19. Bg3 Bb7 20. Bh5 Nf5 21. Be5
dxc4 22. Qg4 Qe7 23. Qxc4 Rd5 24. Rfe1 Rad8 25. Bf3 R5d7 26. Qc3 Rd3 27. Qc4 f6
28. Bc7 R3d4 29. Bxd8 Qxd8 30. Qxe6+ 1-0

[Event "AUTO-OPEN-4646"]
[Site "http://www.queenalice.com/game.php?id=1871368"]
[Date "2026.4.4"]
[Round "1"]
[White "cerenzo72"]
[Black "Tonto"]
[Result "1-0"]
[WhiteElo "2184"]
[BlackElo "2036"]

1. c4 e5 2. Nc3 Be7 3. Nf3 d6 4. d4 exd4 5. Qxd4 Nf6 6. e4 Nc6 7. Qd1 Bg4 8. Be2
O-O 9. O-O Re8 10. b3 Nb4 11. a3 Na6 12. Bb2 Nc5 13. Qc2 Bh5 14. b4 Ne6 15. Rad1
Bxf3 16. Bxf3 Ng5 17. Be2 Qd7 18. f4 Nfxe4 19. Nxe4 Nxe4 20. Qxe4 Bf6 21. Qc2
Qe7 22. Bd3 Bxb2 23. Qxb2 Qe3+ 24. Kh1 Re6 25. Qc2 Rh6 26. Rde1 Qg3 27. h3 Rf6
28. Qe2 g6 29. f5 Kf8 30. fxg6 Rxf1+ 31. Rxf1 hxg6 32. Qe4 Kg7 33. Rf3 Qg5 34.
Qxb7 Re8 35. Rf1 Re3 36. Be4 Rxa3 37. Qxc7 Kh6 38. Qxf7 Re3 39. Qf8+ Kh5 40.
Bf3+ Kh4 41. Qxd6 Rb3 42. Qd4+ Kg3 43. Qf2+ Kf4 44. Bd1+ Ke5 45. Bxb3 1-0